Crónica da rua 513.2 (Registo nº 68161)

Detalhes MARC
000 -Etiqueta do registo
campo de controlo de comprimento fixo nam 4500
001 - Identificador do registo
Campo de controlo 68161
005 - Identificador da versão
Campo de controlo 20240215120313.0
010 ## - ISBN
Número (ISBN) 972-21-1781-5
100 ## - Dados Gerais de Proc.
Dados gerais de processamento 20240215d2006 m||y0pory5003 ba
101 0# - Língua da publicação
Língua do texto, banda sonora, etc. Português
102 ## - País de Publicação
País de publicação Portugal
200 1# - Título
Título próprio Crónica da rua 513.2
Primeira menção de responsabilidade João Paulo Borges Coelho
210 ## - Publicação, Distribuição
Lugar da edição, distribuição, etc. Lisboa
Nome do editor, distribuidor, etc. Caminho
Data da publicação, distribuição, etc. 2006
215 ## - Descrição física
Descrição física 333 p
225 2# - Colecção
Título próprio da colecção Outras margens
Número de uma parte ou secção 49
532 ## - Título desenvolvido
Título desenvolvido Crónica da rua quinhentos e treze ponto dois
675 ## - CDU
Notação 821.134.3(679)-31"19/20"
Edição BN
Língua da edição Português
700 ## - Responsabilidade principal
Palavra de ordem Coelho
Outra parte do nome João Paulo Borges
Koha Internal Code 14534
Datas 1955-
801 #0 - Fonte de origem
País Portugal
Agência BN
Regras de catalogação RPC
090 ## - Números de controlo do sistema (Koha)
Número biblioitem do Koha (gerado automaticamente) 68161
942 ## - Elementos de entrada adicionados (Koha)
Tipo de item no Koha Monografias
Suprimido Disponível no OPAC
Exemplares
Removido (estado) Perdido (estado) Data de aquisição Origem do registo (biblioteca) (codificado) Código da organização que empresta ou é detentora (biblioteca) Código de barras Local Número de inventário Cota Tipo de circulação (não pode ser emprestado) Tipo de item e material
Disponível Disponível 2024-02-15 Biblioteca Municipal Álvaro de Campos Biblioteca Municipal Álvaro de Campos BMTAV62671 Sala de Adultos 62671 R4 COE Normal Monografias